[Event "2. Bundesliga Mitte 2005/2006"]
[Site "Gleisdorf"]
[Date "2006.03.25"]
[Round "10.5"]
[White "Pfaffel, Thomas"]
[Black "Kuess, Mario"]
[Result "1-0"]
[WhiteElo "2081"]
[BlackElo "2039"]
[PlyCount "85"]
[EventDate "2005.10.08"]

1. e4 d5 2. exd5 Nf6 3. Bb5+ Bd7 4. Be2 Nxd5 5. d4 Bf5 6. a3 e6 7. c4 Nb6 8.
Be3 Be7 9. Nf3 O-O 10. Nc3 Bf6 11. h3 Nc6 12. b4 e5 13. d5 e4 14. Nd4 Nxd4 15.
Bxd4 c6 16. O-O cxd5 17. c5 Nd7 18. Nxd5 Bxd4 19. Qxd4 Qg5 20. Qe3 Qh4 21. Qc3
Rad8 22. Rad1 Kh8 23. Rd2 Nf6 24. Rfd1 Nh5 25. Qe3 Rfe8 26. Bxh5 Qxh5 27. g4
Bxg4 28. hxg4 Qxg4+ 29. Qg3 Qh5 30. Ne3 Rxd2 31. Rxd2 f5 32. Rd5 g6 33. Rd7 Qh6
34. Nd1 f4 35. Qc3+ Kg8 36. Qc4+ Kh8 37. Qd4+ Kg8 38. Qd5+ Kh8 39. Re7 Rf8 40.
Qe5+ Kg8 41. Qxe4 Qg5+ 42. Kf1 Rf6 43. Qxb7 1-0

[Event "2. Bundesliga Mitte 2005/2006"]
[Site "Gleisdorf"]
[Date "2006.03.25"]
[Round "10.6"]
[White "Horvath, Gyula"]
[Black "Horvath, Sandor"]
[Result "1/2-1/2"]
[WhiteElo "2441"]
[BlackElo "2338"]
[PlyCount "36"]
[EventDate "2005.10.08"]

1. d4 Nf6 2. c4 e6 3. Nf3 Bb4+ 4. Nbd2 d5 5. Qa4+ Nc6 6. e3 O-O 7. a3 Bxd2+ 8.
Bxd2 Ne4 9. Rd1 Nxd2 10. Rxd2 Bd7 11. Qc2 Qe7 12. Bd3 h6 13. O-O dxc4 14. Bxc4
Rfd8 15. Qc3 Be8 16. Rc1 Nb8 17. Ba2 c6 18. Bb1 Nd7 1/2-1/2

[Event "2. Bundesliga Mitte 2005/2006"]
[Site "Gleisdorf"]
[Date "2006.03.25"]
[Round "10.6"]
[White "Sandhu, Mario"]
[Black "Butunoi, Alexandru"]
[Result "0-1"]
[WhiteElo "2264"]
[BlackElo "2356"]
[PlyCount "70"]
[EventDate "2005.10.08"]

1. e4 g6 2. d4 Bg7 3. Nc3 d6 4. Be3 a6 5. Qd2 b5 6. a4 b4 7. Nce2 Nf6 8. f3 a5
9. Bh6 Bxh6 10. Qxh6 Nbd7 11. g4 c5 12. O-O-O Qb6 13. Nf4 cxd4 14. g5 e5 15.
gxf6 exf4 16. Qxf4 b3 17. cxb3 Ne5 18. Qd2 Ba6 19. Bxa6 Rxa6 20. f4 Ng4 21. Kb1
Qxb3 22. Qxd4 O-O 23. Ne2 Rb8 24. Rd3 Qb7 25. Nc1 Rb6 26. b3 Rb4 27. Qxd6 Rxe4
28. Rg1 Nf2 29. Rc3 Rxa4 30. Rc7 Qe4+ 31. Kb2 Rd4 32. Qe7 Rd2+ 33. Ka3 Qb4+ 34.
Qxb4 axb4+ 35. Ka4 Nd3 0-1

[Event "2. Bundesliga Mitte 2005/2006"]
[Site "Gleisdorf"]
[Date "2006.03.25"]
[Round "10.6"]
[White "Pesorda, Ivan"]
[Black "Frosch, Ronald"]
[Result "0-1"]
[WhiteElo "2260"]
[BlackElo "2213"]
[PlyCount "91"]
[EventDate "2005.10.08"]

1. d4 d6 2. e4 c6 3. c4 e5 4. Nf3 Nd7 5. Be2 Ngf6 6. Nc3 Be7 7. O-O O-O 8. Rb1
Qc7 9. Be3 Re8 10. d5 Nf8 11. b4 Ng4 12. Bc1 f5 13. exf5 Bxf5 14. Bd3 Bxd3 15.
Qxd3 Rac8 16. Rb3 Kh8 17. Bb2 Ng6 18. g3 Rf8 19. Nd2 Qd7 20. Nde4 Qf5 21. f3
Nf6 22. Nd1 cxd5 23. cxd5 Nxe4 24. Ne3 Qh3 25. fxe4 Rxf1+ 26. Qxf1 Qd7 27. Rc3
Bd8 28. Rxc8 Qxc8 29. Qf5 Qc7 30. Kg2 Be7 31. h4 Bxh4 32. Qe6 Be7 33. Qf7 Qb6
34. Nf5 Bf8 35. Bxe5 dxe5 36. d6 Qxb4 37. d7 Qxe4+ 38. Kh2 Qe2+ 39. Kh3 Qh5+
40. Nh4 Nf4+ 41. Qxf4 exf4 42. d8=Q Qf7 43. gxf4 Qxf4 44. Qd5 Qe3+ 45. Kg2 Qh6
46. Nf5 0-1

[Event "2. Bundesliga Mitte 2005/2006"]
[Site "Gleisdorf"]
[Date "2006.03.25"]
[Round "10.6"]
[White "Steiner, Stefan"]
[Black "Wilfling, Hermann"]
[Result "1/2-1/2"]
[WhiteElo "2215"]
[BlackElo "2125"]
[PlyCount "26"]
[EventDate "2005.10.08"]

1. Nf3 c5 2. c4 Nf6 3. g3 d5 4. cxd5 Nxd5 5. b3 Nc6 6. Bb2 f6 7. Bg2 e5 8. d3
Be7 9. Nbd2 O-O 10. O-O Be6 11. Rc1 Qd7 12. a3 Rac8 13. Re1 Rfe8 1/2-1/2

[Event "2. Bundesliga Mitte 2005/2006"]
[Site "Gleisdorf"]
[Date "2006.03.26"]
[Round "11.1"]
[White "Zaja, Ivan"]
[Black "Farago, Ivan"]
[Result "1/2-1/2"]
[WhiteElo "2475"]
[BlackElo "2467"]
[PlyCount "23"]
[EventDate "2005.10.08"]

1. d4 Nf6 2. Nf3 e6 3. e3 c5 4. c4 cxd4 5. exd4 d5 6. Nc3 Nc6 7. Bg5 Be7 8. Bd3
dxc4 9. Bxc4 O-O 10. a3 a6 11. O-O b5 12. Ba2 1/2-1/2

[Event "2. Bundesliga Mitte 2005/2006"]
[Site "Gleisdorf"]
[Date "2006.03.26"]
[Round "11.1"]
[White "Hellmayr, Alois"]
[Black "Bukal, Vladimir Jun"]
[Result "1/2-1/2"]
[WhiteElo "2276"]
[BlackElo "2398"]
[PlyCount "49"]
[EventDate "2005.10.08"]

1. d4 e6 2. Nf3 c5 3. e3 Nf6 4. b3 b6 5. Bb2 Bb7 6. Bd3 Be7 7. O-O O-O 8. Nbd2
d6 9. c4 Nbd7 10. Rc1 a6 11. Qe2 b5 12. Rfd1 b4 13. a3 bxa3 14. Bxa3 Rb8 15.
Ra1 Re8 16. Bc2 Qc7 17. Bb2 h6 18. Bc3 Rbc8 19. Ba5 Qb8 20. Qd3 d5 21. Qe2 Bd6
22. h3 e5 23. dxc5 Bxc5 24. b4 Bf8 25. c5 1/2-1/2

[Event "2. Bundesliga Mitte 2005/2006"]
[Site "Gleisdorf"]
[Date "2006.03.26"]
[Round "11.1"]
[White "Bukal, Vladimir"]
[Black "Rumpl, Erwin"]
[Result "1/2-1/2"]
[WhiteElo "2382"]
[BlackElo "2290"]
[PlyCount "126"]
[EventDate "2005.10.08"]

1. c4 f5 2. Nf3 Nf6 3. g3 g6 4. Bg2 Bg7 5. d4 O-O 6. Nc3 d6 7. O-O Qe8 8. b3
Na6 9. Re1 e5 10. dxe5 dxe5 11. e4 fxe4 12. Nxe4 Nxe4 13. Rxe4 Bf5 14. Qd5+ Qf7
15. Qxf7+ Rxf7 16. Ng5 Rd7 17. Re1 Nb4 18. Bxb7 Rb8 19. Be4 Bxe4 20. Nxe4 Nc2
21. Be3 Nxa1 22. Rxa1 c6 23. Kf1 h6 24. h4 Kf7 25. Ke2 Bf8 26. Kf3 a6 27. Rc1
Rbd8 28. Nc3 Bb4 29. Ne4 Bf8 30. c5 Ke6 31. Rc4 Rb7 32. Nd2 Kd5 33. Rg4 Rf7+
34. Ke2 Bxc5 35. Rxg6 Bxe3 36. Kxe3 Rd6 37. Rg8 Rdf6 38. Rd8+ Rd6 39. Ra8 Rdf6
40. Rd8+ Rd6 41. Ra8 Rdf6 42. Rxa6 Rxf2 43. Ra5+ c5 44. b4 Rxd2 45. Rxc5+ Kd6
46. Kxd2 Rf2+ 47. Ke3 Rxa2 48. Ra5 Rb2 49. Ra6+ Kd5 50. Rxh6 Rb3+ 51. Kf2 Ke4
52. Rf6 Rb2+ 53. Kg1 Kd5 54. h5 Rxb4 55. h6 e4 56. h7 Rb8 57. Kf2 Rb2+ 58. Kg1
Rb8 59. g4 Rh8 60. Rf7 Ke6 61. Ra7 Kf6 62. Kf2 Kg6 63. Ke3 Rxh7 1/2-1/2

[Event "2. Bundesliga Mitte 2005/2006"]
[Site "Gleisdorf"]
[Date "2006.03.26"]
[Round "11.1"]
[White "Mittermayr, Gerhard"]
[Black "Stuhlik, Marko"]
[Result "1-0"]
[WhiteElo "2182"]
[BlackElo "2196"]
[PlyCount "63"]
[EventDate "2005.10.08"]

1. e4 {[%emt 0:00:00]} d6 2. d4 Nf6 3. f3 c6 4. c4 e5 5. d5 c5 6. Be3 Be7 7.
Nc3 h6 8. Qd2 Nh7 9. Nge2 Bg5 10. g3 Bxe3 11. Qxe3 a6 12. O-O-O O-O 13. Kb1 f5
14. f4 Qe8 15. fxe5 Qxe5 16. Nf4 Re8 17. Nd3 Qd4 18. Qf4 fxe4 19. Nf2 g5 20.
Qxd6 Qf6 21. Qxc5 Bf5 22. Nfxe4 Rxe4 23. Nxe4 Bxe4+ 24. Ka1 Nd7 25. Qc7 Bxh1
26. Qxd7 Be4 27. Bh3 Nf8 28. Qxb7 Rd8 29. Rf1 Qg7 30. Qb6 g4 31. Qxd8 gxh3 32.
c5 1-0

[Event "2. Bundesliga Mitte 2005/2006"]
[Site "Gleisdorf"]
[Date "2006.03.26"]
[Round "11.1"]
[White "Dumancic, Pero"]
[Black "Spirk, Stefan"]
[Result "1-0"]
[WhiteElo "2089"]
[BlackElo "2077"]
[PlyCount "119"]
[EventDate "2005.10.08"]

1. d4 Nf6 2. c4 c5 3. d5 e6 4. Nc3 exd5 5. cxd5 d6 6. e4 g6 7. Bd3 Bg7 8. Nge2
O-O 9. O-O Na6 10. Bxa6 bxa6 11. Qc2 Nd7 12. Be3 Rb8 13. Rad1 Re8 14. Rfe1 Ne5
15. b3 a5 16. h3 Bxh3 17. gxh3 Nf3+ 18. Kg2 Qf6 19. Bf4 Nh4+ 20. Kf1 g5 21. e5
dxe5 22. Bg3 Nf3 23. Kg2 h5 24. Bh2 Nxh2 25. Ne4 Qf3+ 26. Kxh2 f5 27. Nxg5
Qxf2+ 28. Kh1 e4 29. Rg1 Qe3 30. Qd2 Qxd2 31. Rxd2 Bh6 32. Rc2 Kf8 33. Rxc5
Rbc8 34. Rc4 Ke7 35. d6+ Kd7 36. Nf7 Rxc4 37. bxc4 Be3 38. Rb1 Kc6 39. Rd1 Kd7
40. c5 Bxc5 41. Rd5 Bb6 42. Rxf5 Rg8 43. Re5 e3 44. Re7+ Kc6 45. d7 Kd5 46. Re8
Rg7 47. Re5+ Kc4 48. d8=Q Bxd8 49. Nxd8 Kd3 50. Ne6 Rg8 51. N6f4+ Kd2 52. Rd5+
Ke1 53. Re5 Kf2 54. Rxa5 Rg7 55. Rc5 Rb7 56. Rc2 a5 57. Ng1+ Kf1 58. Rc1+ Kf2
59. Nd3+ Kg3 60. Rc2 1-0

[Event "2. Bundesliga Mitte 2005/2006"]
[Site "Gleisdorf"]
[Date "2006.03.26"]
[Round "11.2"]
[White "Stohl, Igor"]
[Black "Seifert, Volker"]
[Result "1-0"]
[WhiteElo "2548"]
[BlackElo "2297"]
[PlyCount "109"]
[EventDate "2005.10.08"]

1. c4 e6 2. Nc3 d5 3. d4 c5 4. cxd5 exd5 5. Nf3 Nc6 6. g3 Nf6 7. Bg2 Be7 8. O-O
O-O 9. Bg5 c4 10. Ne5 Be6 11. b3 Qa5 12. Qd2 Bb4 13. Nxc6 bxc6 14. Bxf6 gxf6
15. Rfc1 Rac8 16. bxc4 dxc4 17. a3 Bxc3 18. Rxc3 Rfd8 19. Rac1 Rb8 20. Qf4 Rb3
21. R3c2 Qg5 22. e3 Qxf4 23. gxf4 Rc8 24. Bf1 Rxa3 25. Bxc4 Rb8 26. Bxe6 fxe6
27. Rxc6 Kf7 28. Rc7+ Kg6 29. R1c2 Rg8 30. Kg2 Rg7 31. R7c6 Re7 32. Rd6 Kf7 33.
Rcc6 Ra5 34. e4 f5 35. e5 Rb5 36. Ra6 h5 37. Ra3 a5 38. d5 Rxd5 39. Rxd5 exd5
40. Rxa5 Rb7 41. Rxd5 Rb4 42. Kf3 Rb3+ 43. Ke2 Rh3 44. Rd6 Rxh2 45. Rf6+ Ke7
46. Rxf5 h4 47. Kf3 h3 48. Kg3 Rg2+ 49. Kxh3 Rxf2 50. Rf6 Ra2 51. Kg4 Ra5 52.
Rb6 Rc5 53. Kf5 Ra5 54. Rb7+ Kf8 55. Kf6 1-0

[Event "2. Bundesliga Mitte 2005/2006"]
[Site "Gleisdorf"]
[Date "2006.03.26"]
[Round "11.2"]
[White "Rolletschek, Heinrich"]
[Black "Bawart, Markus"]
[Result "1/2-1/2"]
[WhiteElo "2246"]
[BlackElo "2338"]
[PlyCount "49"]
[EventDate "2005.10.08"]

1. e4 g6 2. d4 Bg7 3. g3 d6 4. Bg2 Nd7 5. Ne2 e5 6. O-O Ne7 7. c4 O-O 8. Nbc3
a5 9. Be3 Nc6 10. d5 Ne7 11. a3 f5 12. f3 Kh8 13. Qd2 a4 14. Qc2 Nb6 15. Bxb6
cxb6 16. Nxa4 Bd7 17. Nec3 Bh6 18. Rfe1 fxe4 19. fxe4 Ng8 20. b3 Nf6 21. Qd3
Ng4 22. Re2 Qc7 23. Bf3 Bxa4 24. Nxa4 Rxa4 25. Bxg4 1/2-1/2

[Event "2. Bundesliga Mitte 2005/2006"]
[Site "Gleisdorf"]
[Date "2006.03.26"]
[Round "11.2"]
[White "Arwanitakis, Michael"]
[Black "Woeber, Friedrich"]
[Result "1-0"]
[WhiteElo "2254"]
[BlackElo "2155"]
[PlyCount "53"]
[EventDate "2005.10.08"]

1. Nc3 e5 2. Nf3 Nc6 3. d4 exd4 4. Nxd4 Qf6 5. Ndb5 Bc5 6. Ne4 Bb4+ 7. c3 Qe5
8. Qd5 Ba5 9. Nbd6+ cxd6 10. Nxd6+ Ke7 11. Qxf7+ Kd8 12. Qf8+ Kc7 13. Ne8+ Kb6
14. Be3+ Ka6 15. O-O-O Bxc3 16. bxc3 Nge7 17. Nc7+ Qxc7 18. Qxh8 Qa5 19. Qxh7
Nf5 20. Bd2 d6 21. e4+ b5 22. exf5 Qxa2 23. Be3 Ne5 24. Rxd6+ Ka5 25. Rd2 Qa1+
26. Kc2 b4 27. Bd4 {Klappe} 1-0

[Event "2. Bundesliga Mitte 2005/2006"]
[Site "Gleisdorf"]
[Date "2006.03.26"]
[Round "11.2"]
[White "Hatzl, Stefan"]
[Black "Enzendorfer, Alfred"]
[Result "1-0"]
[WhiteElo "2137"]
[BlackElo "2099"]
[PlyCount "73"]
[EventDate "2005.10.08"]

1. e4 c5 2. c3 d5 3. exd5 Qxd5 4. d4 e5 5. dxe5 Qxe5+ 6. Be3 Nf6 7. Nf3 Qc7 8.
Na3 a6 9. Qd2 Be7 10. Bf4 Qd7 11. Nc4 Qxd2+ 12. Nfxd2 Nbd7 13. Nd6+ Kf8 14. Be2
Ne8 15. Nxe8 Kxe8 16. Ne4 b5 17. O-O-O f5 18. Nd6+ Bxd6 19. Bxd6 Bb7 20. Bh5+
g6 21. Rhe1+ Kd8 22. Bf3 Bxf3 23. gxf3 Re8 24. Rxe8+ Kxe8 25. Re1+ Kd8 26. Re7
Nf8 27. Rg7 Ke8 28. Bxc5 Rc8 29. Bxf8 Kxf8 30. Rxh7 Rc4 31. Kd2 b4 32. cxb4
Rxb4 33. b3 Rb6 34. Ra7 Re6 35. h4 Ke8 36. b4 Kf8 37. Kd3 1-0

[Event "2. Bundesliga Mitte 2005/2006"]
[Site "Gleisdorf"]
[Date "2006.03.26"]
[Round "11.2"]
[White "Grafenhofer, Harald"]
[Black "Manhardt, Thomas"]
[Result "0-1"]
[WhiteElo "1813"]
[BlackElo "2121"]
[PlyCount "64"]
[EventDate "2005.10.08"]

1. d4 Nf6 2. c4 g6 3. Nc3 Bg7 4. e4 d6 5. Nf3 O-O 6. Be2 e5 7. dxe5 dxe5 8.
Qxd8 Rxd8 9. Bg5 c6 10. O-O Bg4 11. Rad1 Nbd7 12. b4 h6 13. Be3 Bf8 14. Rb1 Nb6
15. a4 Bxf3 16. gxf3 Nh5 17. a5 Nd7 18. Rfd1 Nf4 19. Bf1 Be7 20. b5 Nc5 21.
Rxd8+ Rxd8 22. Rd1 Rxd1 23. Nxd1 a6 24. bxc6 bxc6 25. Nb2 Nfe6 26. Nd3 Nxd3 27.
Bxd3 Bc5 28. Bc2 Bxe3 29. fxe3 Nc5 30. f4 Nb7 31. Bd3 c5 32. fxe5 Nxa5 0-1

[Event "2. Bundesliga Mitte 2005/2006"]
[Site "Gleisdorf"]
[Date "2006.03.26"]
[Round "11.3"]
[White "Vajda, Levente"]
[Black "Horvath, Peter"]
[Result "1/2-1/2"]
[WhiteElo "2540"]
[BlackElo "2484"]
[PlyCount "83"]
[EventDate "2005.10.08"]

1. e4 c5 2. c3 Nf6 3. e5 Nd5 4. d4 cxd4 5. Nf3 e6 6. cxd4 d6 7. Bc4 Nb6 8. Bd3
Nc6 9. a3 dxe5 10. dxe5 Nd7 11. Bf4 Nc5 12. Bc2 Qxd1+ 13. Kxd1 a5 14. Nc3 Be7
15. Ke2 b6 16. Rhd1 O-O 17. Ke1 Ba6 18. Ne4 Rad8 19. Be3 Bd3 20. Bxd3 Nxd3+ 21.
Ke2 Ndxe5 22. Nxe5 Nxe5 23. Bxb6 Rb8 24. Bd4 Nc4 25. Rdc1 Nd6 26. Nxd6 Bxd6 27.
Rc6 Be7 28. Bb6 a4 29. Rb1 Rfc8 30. Rxc8+ Rxc8 31. b3 axb3 32. a4 Rc2+ 33. Kd3
Ra2 34. a5 b2 35. Kc2 Bf6 36. Kb3 Ra1 37. Rxb2 Bxb2 38. Kxb2 Rd1 39. Kc2 Ra1
40. Kb2 Rd1 41. Kc2 Ra1 42. Kb2 1/2-1/2

[Event "2. Bundesliga Mitte 2005/2006"]
[Site "Gleisdorf"]
[Date "2006.03.26"]
[Round "11.4"]
[White "Lenic, Luka"]
[Black "Flumbort, Andras"]
[Result "1/2-1/2"]
[WhiteElo "2348"]
[BlackElo "2484"]
[PlyCount "33"]
[EventDate "2005.10.08"]

1. c4 c5 2. Nc3 Nc6 3. g3 g6 4. Bg2 Bg7 5. Nf3 e5 6. O-O d6 7. Ne1 Be6 8. d3
Nge7 9. Nd5 O-O 10. Nc2 Qd7 11. Rb1 Rab8 12. Bg5 f6 13. Bd2 b5 14. b4 cxb4 15.
Bxb4 Rfc8 16. Qd2 f5 17. Bc3 1/2-1/2

[Event "2. Bundesliga Mitte 2005/2006"]
[Site "Gleisdorf"]
[Date "2006.03.26"]
[Round "11.4"]
[White "Sandhoefner, Florian"]
[Black "Sebenik, Matej"]
[Result "1/2-1/2"]
[WhiteElo "2268"]
[BlackElo "2386"]
[PlyCount "132"]
[EventDate "2005.10.08"]

1. e4 e5 2. Nf3 Nc6 3. Bb5 a6 4. Ba4 Nf6 5. O-O b5 6. Bb3 Bb7 7. Re1 Bc5 8. c3
d6 9. d4 Bb6 10. a4 O-O 11. Na3 h6 12. Bc2 Re8 13. d5 Ne7 14. Be3 Bxe3 15. Rxe3
c6 16. dxc6 Bxc6 17. Qd3 bxa4 18. Nc4 Bb5 19. Bxa4 d5 20. Bxb5 axb5 21. Rxa8
Qxa8 22. Ncd2 Qa1+ 23. Re1 Qxb2 24. Rb1 Qa3 25. Qxb5 Qxc3 26. exd5 Nexd5 27.
Ne4 Qc2 28. Re1 Re6 29. Nxf6+ Nxf6 30. Rxe5 Ne4 31. Rxe6 Qxf2+ 32. Kh1 fxe6 33.
Qb8+ Kh7 34. Qb1 Qe3 35. Nd2 Qxd2 36. Qxe4+ g6 37. Qb7+ Kg8 38. Qc8+ Kf7 39. h3
Qd1+ 40. Kh2 Qd6+ 41. Kh1 e5 42. Qh8 h5 43. Qh7+ Kf6 44. Qh8+ Kg5 45. Qe8 h4
46. Kg1 Qc5+ 47. Kh2 Qd4 48. Qe7+ Kh6 49. Qf8+ Kh5 50. Qf3+ Kg5 51. Kh1 Qf4 52.
Qd5 Kh6 53. Qd8 e4 54. Qh8+ Kg5 55. Qd8+ Qf6 56. Qd2+ Kf5 57. Kg1 Qb6+ 58. Kf1
g5 59. Ke2 Qb5+ 60. Ke3 Qc5+ 61. Ke2 Qc4+ 62. Ke3 Ke5 63. Qb2+ Kf5 64. Qf2+ Kg6
65. Qd2 Qe6 66. Qc2 Kf5 1/2-1/2

[Event "2. Bundesliga Mitte 2005/2006"]
[Site "Gleisdorf"]
[Date "2006.03.26"]
[Round "11.4"]
[White "Gostisa, Leon"]
[Black "Tober, Gerhard"]
[Result "1/2-1/2"]
[WhiteElo "2415"]
[BlackElo "2277"]
[PlyCount "75"]
[EventDate "2005.10.08"]

1. d4 d5 2. c4 e6 3. Nc3 Nf6 4. Bg5 c6 5. e3 Nbd7 6. cxd5 exd5 7. Bd3 Be7 8.
Qc2 O-O 9. h3 Re8 10. Bf4 Nf8 11. Nf3 Ng6 12. Bg3 Bd6 13. Bxd6 Qxd6 14. O-O Bd7
15. b4 b6 16. Rab1 Rec8 17. Rfc1 c5 18. bxc5 bxc5 19. dxc5 Rxc5 20. Nb5 Bxb5
21. Qxc5 Qxc5 22. Rxc5 Bxd3 23. Rb7 Ba6 24. Rbc7 Ne8 25. Rd7 Bc4 26. Ra5 a6 27.
Nd2 Ne5 28. Rb7 Nd6 29. Rb6 Rd8 30. Rc5 g6 31. Nxc4 Ndxc4 32. Rxa6 d4 33. exd4
Rxd4 34. Kh2 g5 35. Ra4 Rd2 36. Raxc4 Nxc4 37. Rxc4 Rxa2 38. f4 1/2-1/2

[Event "2. Bundesliga Mitte 2005/2006"]
[Site "Gleisdorf"]
[Date "2006.03.26"]
[Round "11.4"]
[White "Heimberger, Reinhard"]
[Black "Tschohl, Christof"]
[Result "1-0"]
[WhiteElo "2268"]
[BlackElo "2065"]
[PlyCount "65"]
[EventDate "2005.10.08"]

1. g3 d5 2. d4 Nf6 3. Bg2 e6 4. Nf3 Be7 5. O-O O-O 6. c4 c6 7. b3 Ne4 8. Bb2 f5
9. Ne5 Nd7 10. Nd3 g5 11. f3 Nd6 12. c5 Ne8 13. Qc1 Ng7 14. e3 Qe8 15. Nd2 Qh5
16. e4 dxe4 17. fxe4 Nf6 18. Ne5 Ng4 19. Nxg4 Qxg4 20. d5 exd5 21. Bf3 Qh3 22.
exd5 cxd5 23. Bxd5+ Be6 24. Bxe6+ Nxe6 25. Qc4 Bxc5+ 26. Kh1 Rae8 27. Rae1 f4
28. Re5 Rf7 29. Rxe6 Rxe6 30. Qxc5 f3 31. Qxg5+ Kf8 32. Ba3+ Ke8 33. Qg8+ 1-0

[Event "2. Bundesliga Mitte 2005/2006"]
[Site "Gleisdorf"]
[Date "2006.03.26"]
[Round "11.4"]
[White "Arztmann, Wolfgang"]
[Black "Kranzl, Peter"]
[Result "1/2-1/2"]
[WhiteElo "2090"]
[BlackElo "2218"]
[PlyCount "35"]
[EventDate "2005.10.08"]

1. e4 c6 2. d3 d5 3. Nd2 g6 4. g3 Bg7 5. Bg2 e5 6. Ngf3 Ne7 7. O-O O-O 8. Re1
Nd7 9. exd5 Nxd5 10. Nc4 Qc7 11. d4 exd4 12. Nxd4 N7b6 13. Nxb6 Qxb6 14. c3 Bd7
15. Nb3 Be6 16. c4 Nb4 17. Be3 Qc7 18. Bf4 1/2-1/2

[Event "2. Bundesliga Mitte 2005/2006"]
[Site "Gleisdorf"]
[Date "2006.03.26"]
[Round "11.4"]
[White "Stadler, Peter"]
[Black "Reiss, Georg"]
[Result "1/2-1/2"]
[WhiteElo "2175"]
[BlackElo "2003"]
[PlyCount "82"]
[EventDate "2005.10.08"]

1. d4 Nf6 2. Nf3 g6 3. g3 Bg7 4. Bg2 O-O 5. O-O d5 6. c4 c6 7. cxd5 Nxd5 8. e4
Nb6 9. Nc3 N8d7 10. Bf4 Re8 11. d5 cxd5 12. exd5 Nf6 13. d6 exd6 14. Rc1 Bg4
15. h3 Be6 16. b3 Nfd5 17. Nxd5 Bxd5 18. Be3 Be4 19. Bd4 d5 20. Bxg7 Kxg7 21.
Qd4+ Qf6 22. Rc7 Rab8 23. Rfc1 Qxd4 24. Nxd4 Bxg2 25. Kxg2 a6 26. a4 Kf6 27. a5
Na8 28. R7c3 Re7 29. b4 Re4 30. Ra1 Rd8 31. f3 Re7 32. b5 Nc7 33. bxa6 Nxa6 34.
Rb1 Rdd7 35. Kf2 Rc7 36. Rb6+ Kg7 37. Rxc7 Rxc7 38. Nb5 Re7 39. Nd6 Nc5 40. Rb5
Nd3+ 41. Kf1 Re1+ 1/2-1/2

[Event "2. Bundesliga Mitte 2005/2006"]
[Site "Gleisdorf"]
[Date "2006.03.26"]
[Round "11.5"]
[White "Mohr, Georg"]
[Black "Rogic, Davor"]
[Result "1/2-1/2"]
[WhiteElo "2458"]
[BlackElo "2502"]
[PlyCount "21"]
[EventDate "2005.10.08"]

1. e4 c5 2. Nf3 e6 3. d4 cxd4 4. Nxd4 Nf6 5. Nc3 d6 6. Be2 Be7 7. O-O O-O 8. f4
Nc6 9. Kh1 a6 10. a4 Qc7 11. Bf3 1/2-1/2

[Event "2. Bundesliga Mitte 2005/2006"]
[Site "Gleisdorf"]
[Date "2006.03.26"]
[Round "11.5"]
[White "Neubauer, Martin"]
[Black "Horvath, Gyula"]
[Result "0-1"]
[WhiteElo "2444"]
[BlackElo "2441"]
[PlyCount "58"]
[EventDate "2005.10.08"]

1. e4 c5 2. Nf3 e6 3. c3 Nf6 4. e5 Nd5 5. d4 cxd4 6. cxd4 d6 7. Bc4 Nb6 8. Bd3
dxe5 9. dxe5 N8d7 10. Qe2 Nc5 11. Bc2 Nd5 12. O-O Be7 13. Nc3 Nxc3 14. bxc3 Bd7
15. Rd1 Qa5 16. Bg5 Bc6 17. Bxe7 Kxe7 18. Nd4 Rhd8 19. Qe3 h6 20. Nxc6+ bxc6
21. Rd6 Rxd6 22. exd6+ Kxd6 23. Qd4+ Ke7 24. Qxg7 Nd7 25. Be4 Nf6 26. Bf3 Qxc3
27. Re1 Rb8 28. Rd1 Rg8 29. Qxh6 Qxf3 0-1

[Event "2. Bundesliga Mitte 2005/2006"]
[Site "Gleisdorf"]
[Date "2006.03.26"]
[Round "11.5"]
[White "Butunoi, Alexandru"]
[Black "Mazi, Leon"]
[Result "1/2-1/2"]
[WhiteElo "2356"]
[BlackElo "2376"]
[PlyCount "132"]
[EventDate "2005.10.08"]

1. e4 e5 2. Nf3 Nc6 3. Bb5 a6 4. Ba4 Nf6 5. O-O b5 6. Bb3 Be7 7. Re1 d6 8. c3
O-O 9. h3 Nb8 10. d4 Nbd7 11. Nbd2 Bb7 12. Bc2 Re8 13. Nf1 Bf8 14. Ng3 g6 15.
b3 c6 16. Bb2 Nb6 17. Qd3 a5 18. Rad1 Qc7 19. Qd2 a4 20. Bd3 axb3 21. axb3 Bg7
22. Ra1 Nfd7 23. c4 bxc4 24. bxc4 Na4 25. d5 Ndc5 26. Rab1 Nxb2 27. Rxb2 Bh6
28. Qc2 Ra3 29. Bf1 Rea8 30. Reb1 Ra1 31. Ne2 Rxb1 32. Rxb1 Bc8 33. Nc3 Bd7 34.
dxc6 Bxc6 35. Nd5 Bxd5 36. cxd5 Qa5 37. Nxe5 Qa4 38. Qxa4 Rxa4 39. Ng4 Bg5 40.
e5 dxe5 41. Nxe5 Rd4 42. g3 Rxd5 43. f4 Be7 44. Bc4 Rd2 45. Nxf7 Kg7 46. Ne5
Ne4 47. Rb7 Kf8 48. g4 Ng3 49. Nd7+ Ke8 50. g5 Kd8 51. Be6 Bd6 52. Bg4 Bxf4 53.
Rb3 Rxd7 54. Bxd7 Kxd7 55. Rb7+ Bc7 56. Kg2 Nf5 57. Kf3 Nd6 58. Ra7 Nb5 59. Ra8
Bd8 60. h4 Nc7 61. Rb8 Ne8 62. Ra8 Ke7 63. Ra7+ Bc7 64. Kg4 Kd7 65. h5 Ng7 66.
h6 Ne6 1/2-1/2

[Event "2. Bundesliga Mitte 2005/2006"]
[Site "Gleisdorf"]
[Date "2006.03.26"]
[Round "11.5"]
[White "Hebesberger, Thomas"]
[Black "Pesorda, Ivan"]
[Result "1-0"]
[WhiteElo "2299"]
[BlackElo "2260"]
[PlyCount "49"]
[EventDate "2005.10.08"]

1. d4 Nf6 2. Bg5 e6 3. e4 h6 4. Bxf6 Qxf6 5. c3 d6 6. Bd3 a6 7. Ne2 c5 8. O-O
Nc6 9. dxc5 dxc5 10. f4 b5 11. Nd2 Qd8 12. Bc2 Ra7 13. Qe1 g5 14. Nf3 Qc7 15.
e5 Bg7 16. Qg3 Rg8 17. Rae1 Bb7 18. h4 c4 19. hxg5 Bf8 20. Qh3 hxg5 21. Nxg5
Qb6+ 22. Kh1 Ba8 23. Ng3 Nb8 24. Qh7 Rg7 25. Qh8 1-0

[Event "2. Bundesliga Mitte 2005/2006"]
[Site "Gleisdorf"]
[Date "2006.03.26"]
[Round "11.5"]
[White "Krebs, Johann"]
[Black "Smole, Albert"]
[Result "1-0"]
[WhiteElo "2213"]
[BlackElo "2092"]
[PlyCount "66"]
[EventDate "2005.10.08"]

1. d4 {[%emt 0:00:00]} Nf6 {[%emt 0:00:00]} 2. Nf3 e6 3. c4 b6 4. g3 d5 5. Bg2
c6 6. O-O Bd6 7. Nbd2 Nbd7 8. e4 Nxe4 9. Nxe4 dxe4 10. Ng5 f5 11. f3 e5 12.
fxe4 exd4 13. exf5 Ne5 14. Qh5+ Kd7 15. Bf4 g6 16. Qd1 gxf5 17. Qa4 Bb7 18.
Rad1 Qf6 19. Rxd4 Kc8 20. Kh1 Bc5 21. Rd2 Ng4 22. Re2 Rg8 23. Nf3 Bd6 24. Bxd6
Qxd6 25. Qc2 Kc7 26. Qxf5 Rg7 27. Re6 Rf8 28. Qe4 Qc5 29. h3 Nf6 30. Qf4+ Kc8
31. Rxf6 Rfg8 32. g4 Qb4 33. Rf7 Qxb2 1-0

[Event "2. Bundesliga Mitte 2005/2006"]
[Site "Gleisdorf"]
[Date "2006.03.26"]
[Round "11.5"]
[White "Kuess, Mario"]
[Black "Kratschmer, Heinz"]
[Result "1-0"]
[WhiteElo "2039"]
[BlackElo "2022"]
[PlyCount "57"]
[EventDate "2005.10.08"]

1. f4 d5 2. Nf3 g6 3. e3 Bg7 4. Be2 c5 5. O-O Nc6 6. d3 Nf6 7. Qe1 O-O 8. Qh4
Qd6 9. Nc3 e5 10. e4 d4 11. Nb5 Qe7 12. fxe5 Ng4 13. Ng5 h5 14. h3 Ngxe5 15.
Bxh5 gxh5 16. Qxh5 Rd8 17. Qh7+ Kf8 18. Nxf7 Nxf7 19. Bh6 Qe5 20. Rxf7+ Kxf7
21. Rf1+ Ke8 22. Bxg7 Qe7 23. Qg6+ Kd7 24. Rf7 Qxf7 25. Qxf7+ Ne7 26. Bf6 Re8
27. e5 Kd8 28. Qd5+ Bd7 29. e6 1-0

[Event "2. Bundesliga Mitte 2005/2006"]
[Site "Gleisdorf"]
[Date "2006.03.26"]
[Round "11.6"]
[White "Kastner, Walter"]
[Black "Poeltl, Thomas"]
[Result "1/2-1/2"]
[WhiteElo "2207"]
[BlackElo "2159"]
[PlyCount "20"]
[EventDate "2005.10.08"]

1. e4 c5 2. Nf3 e6 3. Nc3 a6 4. d4 cxd4 5. Nxd4 Qc7 6. Bd3 b5 7. O-O Bb7 8. Qe2
Nf6 9. e5 Nd5 10. Nxd5 Bxd5 1/2-1/2